Normal view MARC view

Entry Personal Name

Number of records used in: 1

001 - CONTROL NUMBER

  • control field: 4957

003 - CONTROL NUMBER IDENTIFIER

  • control field: HDC

005 - DATE AND TIME OF LATEST TRANSACTION

  • control field: 20230624073208.0

008 - FIXED-LENGTH DATA ELEMENTS

  • fixed length control field: 210117|| aca||aabn | a|a d

040 ## - CATALOGING SOURCE

  • Original cataloging agency: HDC
  • Transcribing agency: HDC

100 ## - HEADING--PERSONAL NAME

  • Personal name: Nazatul Shima Abdul Rani

670 ## - SOURCE DATA FOUND

  • Source citation: Work cat.: (HDC): Chon-Lok Siaw author 4955, A Critical Review on the Regulatory and Legislation Challenges Faced by Halal Start-up SMEs Food Manufacturers in Malaysia / by , 2012
Halal Development Corporation Berhad (HDC)
5.02 Level 5, KPMG Tower, First Avenue, Persiaran Bandar Utama, 47800 Petaling Jaya, Selangor Darul Ehsan
Phone: +603 7965 5489 Email: [email protected]